000 00488nam a2200205Ia 4500
003 OSt
005 20220928144222.0
006 a|||||r|||| 00| 0
007 ta
008 220927b |||||||| |||| 00| 0 eng d
024 _a63637
037 _cTextual
040 _aSDCL
_cSDCL
_beng
041 _2eng
_aeng
082 _aD65,4:92, M 2
100 _aKRAUS
_9507392
245 0 _aAntennas.Ed 2
942 _hD65,4:92, M 2
_cTEXL
_2CC
999 _c826753
_d826753